[Event "FIDE World Cup 2017"]
[Site "Tbilisi"]
[Date "2017.09.06"]
[Round "2.1"]
[White "Vachier-Lagrave, Maxime"]
[Black "Grachev, Boris"]
[Result "1-0"]
[WhiteElo "2804"]
[BlackElo "2654"]
[Annotator "TA"]
[PlyCount "79"]
[EventDate "2017.??.??"]
[EventType "k.o."]
[EventCountry "GEO"]
[SourceTitle "playchess.com"]
[Source "ChessBase"]
[SourceQuality "1"]

{[%evp 9,79,-22,-20,-29,29,0,0,0,0,0,83,85,80,91,72,90,139,115,131,135,143,121,166,145,198,194,191,192,173,88,83,87,135,138,121,89,97,92,120,114,109,110,114,117,120,122,122,124,297,265,454,446,432,439,586,585,652,667,678,678,581,697,697,697,675,685,674,681,737,727,7255,10972]} 1. e4 c5 2. Nf3 Nf6 3. Nc3 d5 4. e5 Nfd7 5. e6 (5. d4 e6 6. dxc5 Nc6 7. Bf4 Bxc5 8. Bd3 h6 9. Bg3 g5 10. h3 a6 11. Qd2 b5 12. a3 Bb7 13. O-O Qe7 14. Ne2 Rg8 15. c3 h5 16. Ned4 h4 17. Bh2 {1-0 (34) Mozharov,M (2555)-Najer,E (2646) Moscow 2014}) 5... fxe6 6. Bb5 {[#] Black must now prevent Ng5. B29: Sicilian: 2 Nf3 Nf6 (Nimzowitsch Variation)} Nc6 (6... a6 $142 7. Bxd7+ Bxd7) 7. O-O g6 $146 ({Find the theoretical novelty and annotate with similar games:} 7... Qc7 8. Re1 Nd4 9. Nxd4 cxd4 10. Ne2 e5 11. c3 Qb6 12. Qb3 {1-0 (22) Peuraniemi,P (2474)-Krasevec,A (2292) ICCF corr 2000}) 8. Qe2 {The position is equal.} Bg7 9. Qxe6 Nb6 (9... Nde5 $1 $11 {keeps the balance.} 10. Qxd5 Qxd5 11. Nxd5 Nxf3+ 12. gxf3 Kf7) 10. Bxc6+ $16 bxc6 11. Qxc6+ Bd7 12. Qxc5 d4 13. Ne4 (13. Nxd4 Rc8 $17) 13... Rc8 14. Qa3 O-O 15. d3 ({Wrong is} 15. Qxa7 $2 Bc6 $19) 15... h6 16. Re1 Kh7 (16... Rf7 $16 17. Bd2 (17. Qxa7 Ra8 $11) 17... Rxc2) 17. c4 ({And not} 17. Qxa7 Rxf3 18. Bxh6 (18. gxf3 Ra8 $11) 18... Kxh6 $11) 17... dxc3 18. Nxc3 Bc6 19. Qxe7 ({White should play} 19. Rxe7 $18 Rc7 20. Rxc7 Qxc7 21. Ne4) 19... Bxf3 20. gxf3 Rc7 21. Qxd8 Rxd8 22. Bf4 Rf7 23. Be3 Bxc3 24. bxc3 {[%cal Bb2c3,Bc3c4][%mdl 32]} Rxd3 25. Bd4 Nd5 26. Rad1 Rdxf3 27. c4 $36 {[%mdl 2048] Black is under strong pressure.} Nb4 28. Rd2 R3f4 $2 (28... Rc7 $16 {keeps fighting.} 29. Re3 Rxe3 30. Bxe3 Kg7) 29. Re8 $18 {[%csl Gd4][%cal Re8h8]} g5 $2 (29... Rf8 30. Rxf8 Rxf8) 30. Be5 {White is clearly winning.} Rg4+ 31. Kf1 Nc6 32. Bb2 Rgf4 33. Rh8+ Kg6 34. Rd6+ Kf5 35. Rxc6 Kg4 {[#]} 36. h3+ $1 Kxh3 37. Rhxh6+ Kg4 38. Rhf6 Rb7 39. Be5 Kf3 40. Bxf4 {Precision: White = 68%, Black = 48%.} 1-0

[Event "FIDE World Cup 2017"]
[Site "Tbilisi"]
[Date "2017.09.06"]
[Round "2.1"]
[White "Kramnik, Vladimir"]
[Black "Demchenko, Anton"]
[Result "1-0"]
[WhiteElo "2803"]
[BlackElo "2650"]
[Annotator "TA"]
[PlyCount "87"]
[EventDate "2017.??.??"]
[EventType "k.o."]
[EventCountry "GEO"]
[SourceTitle "playchess.com"]
[Source "ChessBase"]
[SourceQuality "1"]

{[%evp 13,87,26,27,13,16,14,27,4,33,27,43,51,46,37,39,24,29,12,20,24,39,19,21,12,21,24,72,72,69,85,89,80,98,86,154,168,165,172,172,162,163,157,199,197,192,176,220,226,272,272,277,256,266,278,303,308,265,261,365,286,800,784,738,669,949,648,1925,1934,29983,29984,29982,5210,3875,2075,29987,29988]} 1. Nf3 Nf6 2. g3 g6 3. b3 Bg7 4. Bb2 O-O 5. Bg2 d6 6. d4 Nbd7 7. O-O Re8 {LiveBook: 37 Games} 8. a4 {A49: 1 d4 Nf6 2 Nf3 g6 3 g3: Anti-King's Indian systems} (8. c4 e5 9. dxe5 Ng4 10. Qd2 dxe5 11. h3 Nh6 12. Ng5 Nf8 13. Qxd8 Rxd8 14. Nc3 f6 15. Nf3 Ne6 16. Rfd1 Bd7 17. e3 Nf7 18. Rd2 {0-1 (42) Mirzoev,A (2541)-Demchenko,A (2645) Konya 2017}) 8... Rb8 9. c4 $146 ({Find the theoretical novelty and annotate with similar games:} 9. Na3 a6 10. Qd3 e5 11. dxe5 Ng4 12. Nc4 Ngxe5 13. Nfxe5 Nxe5 14. Nxe5 Bxe5 15. Bxe5 dxe5 16. Qxd8 Rxd8 17. Rad1 {½-½ (17) Regis,G (2129)-Mueller Ludwig,K (2089) Germany 2005}) 9... e5 10. dxe5 {White has an edge.} Ng4 11. a5 dxe5 12. h3 Nh6 {Threatens to win with ...e4.} 13. e4 f6 14. b4 Nf8 15. Nc3 Be6 16. Qe2 Qc8 17. Kh2 Nf7 18. Rfd1 $36 {[%mdl 2048] White is pushing.} c6 19. Bc1 f5 20. Be3 b6 21. axb6 axb6 22. Rac1 Qc7 23. Nd5 cxd5 (23... Qb7 $142) 24. cxd5 $16 Qe7 {Hoping for ...Bd7.} 25. dxe6 Nxe6 26. exf5 gxf5 {[#]} 27. Qb5 $1 f4 28. gxf4 ({Inferior is} 28. Bxb6 Qb7 $17) 28... exf4 29. Rd7 Qf6 30. Bd2 Rbc8 31. Rxc8 ({Don't take} 31. Qxb6 $6 Rxc1 32. Bxc1 Ne5 $18) 31... Rxc8 32. Qxb6 Rc2 33. Qb7 Bf8 34. Qe4 Qg6 35. Qd5 Qf6 36. h4 {Strongly threatening Bh3.} Bg7 $2 (36... Rc7 37. Bh3 Rxd7 38. Qxd7 Ned8) 37. Bh3 $18 Nf8 38. Rb7 h6 39. Bg4 Rb2 40. Bh5 Ng6 41. Bxg6 Qxg6 42. Rb8+ (42. h5 $142 Qf6 43. Bc3 Rxf2+ 44. Kg1 Rd2 45. Bxd2 Kh8 46. Rb8+ Nd8 47. Bc3) 42... Bf8 43. Ne5 Rxd2 {[#]} 44. Rxf8+ $1 {[%mdl 512] Precision: White = 78%, Black = 41%.} 1-0

[Event "FIDE World Cup 2017"]
[Site "Tbilisi"]
[Date "2017.09.06"]
[Round "2.1"]
[White "Mamedyarov, Shakhriyar"]
[Black "Kuzubov, Yuriy"]
[Result "1/2-1/2"]
[WhiteElo "2797"]
[BlackElo "2688"]
[Annotator "TA"]
[PlyCount "55"]
[EventDate "2017.??.??"]
[EventType "k.o."]
[EventCountry "GEO"]
[SourceTitle "playchess.com"]
[Source "ChessBase"]
[SourceQuality "1"]

{[%evp 19,55,29,45,29,29,36,32,36,31,36,29,31,32,31,40,16,31,21,10,29,28,10,9,10,0,0,0,0,0,0,1,0,0,0,0,0,0,0]} 1. d4 Nf6 2. c4 e6 3. Nf3 d5 4. Nc3 Nbd7 5. Bf4 dxc4 6. e3 {D37: Queen's Gambit Declined: 5 Bf4} b5 7. Nxb5 Bb4+ 8. Nc3 Nd5 9. a3 Nxc3 10. Qd2 Nd5 {LiveBook: 6 Games} 11. axb4 Nxf4 12. exf4 Nb6 $146 ({Find the theoretical novelty and annotate with similar games:} 12... Bb7 13. Be2 O-O {½-½ (34) Nakamura,H (2787)-Karjakin,S (2773) Bilbao 2016}) 13. Be2 Bb7 14. O-O O-O 15. Ne5 Qd6 16. Rfd1 Rfb8 17. Ra5 f6 18. Nxc4 Nxc4 19. Bxc4 Bxg2 $1 20. Kxg2 (20. Rc5 $5 {[%cal Rg1g2]} Bd5 21. Bxd5 exd5 22. Rdc1 $11) 20... Qc6+ {The position is equal.} 21. d5 Qxc4 22. Rc5 (22. Rc1 $5 {[%cal Rc1c4]} Qe4+ 23. f3 Qg6+ 24. Kh1 $11) 22... Qe4+ 23. f3 Qg6+ 24. Kh1 Rd8 25. Rg1 Qf7 {[%cal Rd8d5]} 26. dxe6 Rxd2 27. exf7+ Kf8 28. Rxc7 {Precision: White = 69%, Black = 97%.} 1/2-1/2

[Event "FIDE World Cup 2017"]
[Site "Tbilisi"]
[Date "2017.09.06"]
[Round "2.1"]
[White "Anand, Viswanathan"]
[Black "Kovalyov, Anton"]
[Result "0-1"]
[WhiteElo "2794"]
[BlackElo "2649"]
[Annotator "TA"]
[PlyCount "86"]
[EventDate "2017.??.??"]
[EventType "k.o."]
[EventCountry "GEO"]
[SourceTitle "playchess.com"]
[Source "ChessBase"]
[SourceQuality "1"]

{[%evp 17,86,32,52,38,47,29,80,40,68,61,54,54,54,62,60,55,55,55,55,55,55,56,55,54,62,62,54,54,83,-79,-87,-79,-82,-58,-63,-85,-68,-67,-65,-82,-50,-129,-127,-126,-120,-126,-129,-138,-137,-127,-109,-169,-92,-95,-94,-135,-102,-231,-229,-215,-227,-214,-224,-218,-200,-356,-338,-308,-316,-533,-558]} 1. e4 c5 2. Nf3 d6 3. d4 cxd4 4. Nxd4 Nf6 5. Nc3 a6 6. h3 e5 7. Nb3 Be6 {B90: Sicilian Najdorf: Unusual White 6th moves, 6 Be3 Ng4 and 6 Be3 e5} 8. Be3 h5 9. Be2 Nbd7 {LiveBook: 3 Games. White is slightly better.} 10. O-O Rc8 11. Qd2 $146 ({Predecessor:} 11. a4 Nb6 12. Nd2 d5 13. Bxb6 Qxb6 14. exd5 Nxd5 15. Nxd5 Bxd5 16. Bxh5 Qxb2 {½-½ (106) Yu,Y (2675)-Chu,W (2257) China 2013}) 11... b5 (11... Be7 $11 {keeps the balance.}) 12. Rfd1 Nb6 13. Bxb6 Qxb6 14. a4 {[%cal Ra4b5]} b4 15. Nd5 Nxd5 (15... Bxd5 16. exd5 Ne4 17. Qe1 $11) 16. exd5 Bd7 17. a5 Qb7 $1 18. Qe3 Be7 19. Qb6 Qxb6 20. axb6 {Threatens to win with b7.} Rb8 $1 21. Rxa6 {Rda1 is the strong threat.} Bd8 22. b7 Ke7 23. Nc5 $2 (23. Ra8 $16 Rxb7 24. Na5) 23... dxc5 $17 24. d6+ Kf6 25. Bf3 Kf5 $1 26. Bd5 $1 e4 27. Re1 Bf6 28. Bxe4+ Kg5 29. Ra5 ({White should try} 29. h4+ $15 Kxh4 30. g3+ Kg5 31. Ra5) 29... Bxb2 30. Rxc5+ Kf6 $1 31. Re3 g6 32. Rf3+ Ke6 $1 33. Rd3 Rhd8 34. Ra5 {[#]} (34. f4 $17) 34... f5 (34... h4 $1 $19) 35. Bf3 Bc3 36. h4 Kf6 37. g3 {[#]} (37. Ra8 $17) 37... f4 $1 $19 38. Be4 (38. gxf4 Bf5) 38... Bf5 39. Bxf5 gxf5 40. Rb5 Ke6 41. Kf1 $2 (41. gxf4 {might work better.} Rd7 42. Re3+ Kxd6 43. Rxf5) 41... Rd7 (41... Rxd6 $2 42. Rxd6+ Kxd6 43. gxf4 $17) 42. gxf4 Rbxb7 ({But not} 42... Rdxb7 43. Re3+ Kxd6 44. Rxf5 $19) 43. Re3+ $2 (43. Rc5) 43... Kf6 {Precision: White = 52%, Black = 80%.} 0-1

[Event "FIDE World Cup 2017"]
[Site "Tbilisi"]
[Date "2017.09.06"]
[Round "2.1"]
[White "So, Wesley"]
[Black "Bluebaum, Matthias"]
[Result "1/2-1/2"]
[WhiteElo "2792"]
[BlackElo "2633"]
[Annotator "TA"]
[PlyCount "92"]
[EventDate "2017.??.??"]
[EventType "k.o."]
[EventCountry "GEO"]
[SourceTitle "playchess.com"]
[Source "ChessBase"]
[SourceQuality "1"]

{[%evp 16,92,24,16,33,27,33,40,38,40,26,31,28,26,27,23,19,19,21,16,16,16,23,20,19,16,16,14,19,14,23,0,0,1,5,0,0,0,0,0,0,0,0,0,0,0,6,0,0,0,0,0,0,0,0,0,0,0,4,0,1,0,0,0,11,11,30,20,41,0,14,-3,-3,-3,13,-3,0,-4,11]} 1. e4 e6 2. d4 d5 3. Nc3 Nf6 4. e5 Nfd7 5. f4 c5 6. Nf3 Nc6 7. Be3 a6 8. Ne2 {C11: French: Classical System: 4 e5 and 4 Bg5 dxe4} (8. Qd2 b5 9. Be2 Be7 10. O-O O-O 11. a3 Rb8 12. Kh1 Qc7 13. dxc5 Nxc5 14. b4 Ne4 15. Nxe4 dxe4 16. Nd4 Nxd4 17. Bxd4 {½-½ (36) Vachier Lagrave,M (2791)-Bluebaum,M (2642) Dortmund 2017}) 8... Qb6 9. Qc1 {LiveBook: 10 Games} f6 {And now ...cxd4 would win.} 10. c3 {White is slightly better.} Be7 11. exf6 Nxf6 $146 ({Predecessor:} 11... gxf6 12. Qd2 cxd4 13. Nexd4 Nc5 14. Nxc6 Qxc6 {½-½ (46) Kharlamov,V (2474)-Loginov,A (2241) ICCF email 2007}) 12. dxc5 Bxc5 13. Bxc5 Qxc5 14. Ned4 O-O 15. Be2 Bd7 16. O-O Rae8 17. Qe3 Ng4 18. Qd2 e5 19. fxe5 Ngxe5 20. Nxe5 Nxe5 21. Rxf8+ Rxf8 22. Re1 Nc4 23. Bxc4 dxc4 24. Re3 b5 25. a3 h6 26. Qe1 Qg5 27. Qg3 (27. h3 {with more complications.} Qg6 28. Kh2 Kh7 29. Re7 Rf7 30. Rxf7 Qxf7 31. Qe5) 27... Qxg3 28. Rxg3 $11 {[%mdl 4096] Endgame KRB-KRN} Rf6 29. Rf3 Rd6 (29... Kf7 $5) 30. Kf2 Rd5 (30... Bc6 $5 31. Rf4 Bd5 $11) 31. Ke3 Re5+ 32. Kf4 Re7 33. h4 (33. Re3 $5 {[%cal Re3e7]} g5+ 34. Kf3 Bg4+ 35. Kf2 $11) 33... Bc8 34. Rf2 Bb7 35. Rd2 Re4+ 36. Kg3 Re3+ 37. Kf2 Re4 (37... Re8 {seems wilder.} 38. Nf3 Kf7 39. a4 Bxf3 40. Kxf3 Rf8) 38. g3 (38. Nf3 $5 {[%cal Rd2d7]}) 38... Re7 39. Re2 Rf7+ 40. Ke1 Kh7 41. Re5 Bc8 42. Re2 Kg6 {The position is equal.} 43. Rf2 Re7+ 44. Re2 Rf7 45. Rf2 (45. Re8 $5 {[%cal Re8c8]} Bb7 46. Re5 $11) 45... Re7+ 46. Re2 Rf7 {Precision: White = 72%, Black = 69%.} 1/2-1/2

[Event "FIDE World Cup 2017"]
[Site "Tbilisi"]
[Date "2017.09.06"]
[Round "2.1"]
[White "Karjakin, Sergey"]
[Black "Dubov, Daniil"]
[Result "1/2-1/2"]
[WhiteElo "2780"]
[BlackElo "2666"]
[Annotator "TA"]
[PlyCount "59"]
[EventDate "2017.??.??"]
[EventType "k.o."]
[EventCountry "GEO"]
[SourceTitle "playchess.com"]
[Source "ChessBase"]
[SourceQuality "1"]

{[%evp 33,59,11,24,30,23,23,18,21,20,22,11,8,18,8,0,0,17,0,52,51,69,18,21,4,22,8,17,23]} 1. e4 c5 2. Nf3 Nc6 3. d4 cxd4 4. Nxd4 Nf6 5. Nc3 e5 6. Ndb5 d6 7. Bg5 a6 8. Na3 b5 9. Nd5 Be7 10. Bxf6 Bxf6 11. c3 Bg5 12. Nc2 Rb8 13. a4 bxa4 {B33: Sicilian: Pelikan and Sveshnikov Variations} 14. Ncb4 Nxb4 15. cxb4 Bd7 16. Bxa6 O-O 17. O-O Qe8 {LiveBook: 3 Games} 18. b3 axb3 $1 19. Qxb3 {[#]} Bd8 $146 ({Predecessor:} 19... Kh8 20. Bd3 Bd8 21. Ra6 {0-1 (71) Zawadzka,J (2419)-Dubov,D (2660) Minsk 2017}) 20. Bc4 Kh8 21. Ra2 Bc6 22. Rb1 f5 23. exf5 Rxf5 24. Kh1 Qf8 25. Qd3 e4 ({But not} 25... Rxf2 $2 26. Rxf2 Qxf2 27. Rf1 $18) ({Better is} 25... g6 $11) 26. Qxe4 $14 Rb5 {[%cal Rb5d5]} 27. Rd1 ({White should try} 27. Rd2 $14 Re5 28. Bxb5 Rxe4 29. Bxc6) 27... Rxb4 $1 $11 {The position is equal.} 28. Qe2 Rb8 29. f3 Bg5 30. Qd3 {Precision: White = 63%, Black = 47%.} 1/2-1/2

[Event "FIDE World Cup 2017"]
[Site "Tbilisi"]
[Date "2017.09.06"]
[Round "2.1"]
[White "Svidler, Peter"]
[Black "Erdos, Viktor"]
[Result "1/2-1/2"]
[WhiteElo "2756"]
[BlackElo "2619"]
[Annotator "TA"]
[PlyCount "35"]
[EventDate "2017.??.??"]
[EventType "k.o."]
[EventCountry "GEO"]
[SourceTitle "playchess.com"]
[Source "ChessBase"]
[SourceQuality "1"]

{[%evp 9,35,22,35,35,28,30,29,36,49,45,50,42,37,53,39,44,46,23,21,21,31,14,27,40,27,0,0,-5]} 1. c4 e6 2. Nc3 d5 3. d4 a6 4. cxd5 exd5 5. Qb3 (5. Nf3 Nf6 6. Bg5 Be6 7. h3 Nbd7 8. e3 h6 9. Bf4 Bb4 10. Bd3 c5 11. dxc5 Nxc5 12. O-O Bxc3 13. bxc3 O-O {½-½ (27) Volkov,S (2637)-Ponomariov,R (2692) Linares 2017}) 5... c6 {LiveBook: 5 Games} 6. e4 {D31: Queen's Gambit Declined: Semi-Slav without ...Nf6 (+ Marshall Gambit and Noteboom) and Exchange Variation lines without ...Nf6} dxe4 7. Bc4 Qe7 $1 8. a4 {White has an edge.} Nf6 9. Nge2 {[%mdl 1024] White has compensation.} g6 $146 ({Predecessor:} 9... Bf5 10. O-O Bg6 11. f4 exf3 12. Rxf3 Qd7 {1-0 (23) Schlechter,C-Janowski,D Monte Carlo 1902}) 10. O-O Bg7 $1 11. Ng3 O-O 12. Re1 {[%cal Rc3e4]} b5 13. axb5 cxb5 {[#]} 14. Bxb5 $1 {[%cal Rg3e4,Bc4b5,Bb5a4,Ba4b3][%mdl 544]} Qb7 (14... axb5 15. Rxa8) 15. Ba4 {[%cal Rg3e4]} Qxb3 16. Bxb3 Nc6 17. Rd1 (17. d5 $5 {[%cal Rd5c6]} Nd4 18. Ba4 $14) 17... Bg4 18. Nge2 {Precision: White = 81%, Black = 96%.} 1/2-1/2

[Event "FIDE World Cup 2017"]
[Site "Tbilisi"]
[Date "2017.09.06"]
[Round "2.1"]
[White "Yu, Yangyi"]
[Black "Jobava, Baadur"]
[Result "1/2-1/2"]
[WhiteElo "2750"]
[BlackElo "2702"]
[Annotator "TA"]
[PlyCount "36"]
[EventDate "2017.??.??"]
[EventType "k.o."]
[EventCountry "GEO"]
[SourceTitle "playchess.com"]
[Source "ChessBase"]
[SourceQuality "1"]

{[%evp 19,36,12,4,16,8,2,11,14,17,5,18,12,20,10,12,11,8,3,23]} 1. e4 e5 2. Nf3 Nf6 3. Nxe5 d6 4. Nf3 Nxe4 5. Nc3 Nf6 6. d4 Be7 7. Bd3 Nc6 8. O-O O-O 9. a3 Bg4 10. Be2 d5 {The position is equal.} 11. h3 {C01: French: Exchange Variation} (11. Bg5 Re8 12. Re1 Ne4 13. Bxe7 Rxe7 14. Qd3 Nxc3 15. bxc3 g6 16. Qd2 Kg7 17. h3 Bxf3 18. Bxf3 {½-½ (16) Andersen,I (2157)-Schultz Pedersen,J (2230) Hillerod 2010}) 11... Bf5 $146 ({Predecessor:} 11... Bxf3 12. Bxf3 Re8 13. Re1 Bd6 14. Bg5 h6 15. Rxe8+ Qxe8 16. Bxf6 gxf6 17. Bxd5 Qd7 18. Qd3 Re8 {½-½ (33) Kammrad,C (1054)-Mohr,F Winterberg 2002}) 12. Bd3 Be4 13. Be3 Re8 14. Ne5 Bd6 15. Nxc6 bxc6 16. Bg5 Bxd3 17. Qxd3 h6 18. Bh4 Re6 1/2-1/2

[Event "FIDE World Cup 2017"]
[Site "Tbilisi"]
[Date "2017.09.06"]
[Round "2.1"]
[White "Wei, Yi"]
[Black "Rapport, Richard"]
[Result "1/2-1/2"]
[WhiteElo "2748"]
[BlackElo "2675"]
[Annotator "TA"]
[PlyCount "49"]
[EventDate "2017.??.??"]
[EventType "k.o."]
[EventCountry "GEO"]
[SourceTitle "playchess.com"]
[Source "ChessBase"]
[SourceQuality "1"]

{[%evp 11,49,37,36,28,33,31,37,24,26,21,20,12,29,29,30,15,15,14,32,26,35,26,20,25,20,15,12,5,12,13,13,0,0,0,0,0,0,0,0,0]} 1. e4 e5 2. Nf3 Nc6 3. Bb5 Nf6 4. d3 d6 5. O-O a6 (5... Be7 6. c4 O-O 7. Nc3 Bg4 8. Bxc6 bxc6 9. h3 Bxf3 10. Qxf3 Nd7 11. Be3 Bf6 12. b4 Re8 13. a4 Nf8 14. b5 Qd7 15. Rfb1 Ne6 16. bxc6 Qxc6 {0-1 (44) Anand,V (2786)-Kramnik,V (2808) Stavanger 2017}) 6. Bxc6+ {C66: Ruy Lopez: Steinitz Defence} bxc6 {LiveBook: 28 Games} 7. Re1 c5 8. c3 {White is slightly better.} Bg4 9. h3 $146 ({Predecessor:} 9. Nbd2 Be7 10. h3 Bh5 11. Nf1 O-O 12. Ng3 Bxf3 13. Qxf3 {½-½ (28) Areshchenko,A (2654)-Postny,E (2652) Germany 2015}) 9... Bxf3 10. Qxf3 Be7 11. Be3 Qb8 12. b3 a5 13. d4 a4 14. Nd2 axb3 15. axb3 cxd4 16. cxd4 O-O 17. Rxa8 Qxa8 18. dxe5 {The position is equal.} dxe5 19. Rc1 Qb7 20. Qf5 Re8 21. Qxe5 Bd6 22. Qf5 Nxe4 23. Nxe4 Qxe4 24. Qxe4 Rxe4 25. Bc5 {Precision: White = 67%, Black = 76%.} 1/2-1/2

[Event "FIDE World Cup 2017"]
[Site "Tbilisi"]
[Date "2017.09.06"]
[Round "2.1"]
[White "Harikrishna, P."]
[Black "Sethuraman, S P"]
[Result "1/2-1/2"]
[WhiteElo "2741"]
[BlackElo "2617"]
[Annotator "TA"]
[PlyCount "48"]
[EventDate "2017.??.??"]
[EventType "k.o."]
[EventCountry "GEO"]
[SourceTitle "playchess.com"]
[Source "ChessBase"]
[SourceQuality "1"]

{[%evp 23,48,7,6,-16,-10,-6,-4,-8,0,-20,-20,-20,-20,-17,-23,-20,-21,-21,-29,-45,-43,-33,0,0,0,0,0]} 1. e4 e5 2. Nf3 Nc6 3. Bb5 Nf6 4. O-O Nxe4 5. d4 Nd6 6. Bxc6 dxc6 7. dxe5 Nf5 8. Qxd8+ Kxd8 9. h3 h5 {C67: Ruy Lopez: Berlin Defence: 4 0-0 Nxe4} 10. Nc3 Ke8 11. Ne2 b6 12. Rd1 Ba6 {LiveBook: 10 Games} 13. Ned4 Nxd4 14. Nxd4 c5 15. Nf5 Be2 {[#]} 16. Re1 $146 (16. Rd2 $5 {[%cal Rd2e2]} Bc4 17. Ne3 $11) ({Predecessor:} 16. Rd2 Bc4 17. Ne3 Be6 18. Nd5 {0-1 (63) Kurnosov,I (2676)-Karjakin,S (2760) Moscow 2010}) 16... Bc4 17. Bg5 Be6 18. Ne3 Be7 19. Bxe7 Kxe7 20. f4 {Threatening f5.} g6 21. Re2 Rad8 22. Rf1 h4 (22... Bf5 $5) 23. f5 gxf5 24. Nxf5+ Bxf5 1/2-1/2

[Event "FIDE World Cup 2017"]
[Site "Tbilisi"]
[Date "2017.09.06"]
[Round "2.1"]
[White "Le, Quang Liem"]
[Black "Vidit, Santosh Gujrathi"]
[Result "0-1"]
[WhiteElo "2739"]
[BlackElo "2702"]
[Annotator "TA"]
[PlyCount "140"]
[EventDate "2017.??.??"]
[EventType "k.o."]
[EventCountry "GEO"]
[SourceTitle "playchess.com"]
[Source "ChessBase"]
[SourceQuality "1"]

{[%evp 12,140,13,20,21,27,17,20,13,11,16,11,17,11,11,11,15,14,11,0,0,4,5,0,0,-10,-14,-18,-6,-7,0,-28,0,-11,0,0,0,-38,-41,-58,-73,-51,-68,-51,-75,-61,-35,-34,-39,-53,-44,-85,0,-95,-5,-5,-25,-82,-76,-67,-61,-79,-34,-39,-37,-62,-35,-81,-81,-72,-53,-102,-116,-94,-97,-108,-108,-106,-100,-108,-108,-225,-229,-195,-214,-420,-429,-407,-363,-472,-459,-418,-402,-390,-377,-442,-437,-492,-482,-1341,-1225,-1318,-1237,-1637,-1637,-29963,-29965,-29963,-29964,-29964,-29962,-29956,-29959,-29953,-29955,-29968,-12764,-29970,-29972,-29973,-29974,-29974,-29975,-29975,-29976,-29976,-29977,-29977,-29978,-29979,-29976]} 1. Nf3 d5 2. d4 Nf6 3. c4 e6 4. Nc3 Bb4 5. cxd5 exd5 6. Bg5 h6 7. Bh4 O-O {D38: Queen's Gambit Declined: Ragozin Defence (4 Nf3 Bb4)} 8. e3 Bf5 9. Qb3 Bxc3+ {The position is equal.} 10. Qxc3 Nbd7 11. Be2 $146 ({Predecessor:} 11. Nd2 Rc8 12. Be2 c5 13. O-O Qb6 14. Rfc1 Rfe8 15. Kf1 {½-½ (40) Karjakin,S (2783)-Harikrishna,P (2755) Shamkir 2017}) 11... c6 12. Nd2 Ne4 13. Bxd8 Nxc3 14. bxc3 {Threatens to win with Bh4.} Rfxd8 15. f3 c5 16. Kf2 Rac8 17. Rhc1 Rc7 18. e4 dxe4 19. fxe4 Bg6 20. Bf3 Ne5 21. Ke3 Nc6 {[%cal Rc5d4]} (21... Rcd7 $5 {[%cal Rc5d4]} 22. Nb3 Nc4+ 23. Kd3 Nb2+ 24. Kc2 Na4 $15) 22. Nb3 (22. d5 $5 {[%cal Rd5c6]} Ne5 23. g4 $15) 22... cxd4+ 23. cxd4 Re7 24. g4 f6 25. Re1 Bf7 $36 {[%mdl 2048] White is under strong pressure.} 26. Rad1 Nb4 27. Rd2 Rc7 {And now ...Nc2+ would win.} 28. Kf2 {[#]} Nxa2 $1 {[%mdl 512]} 29. d5 (29. Rxa2 Bxb3) 29... Nc3 30. Nd4 Rc4 31. Re3 Be8 (31... Kf8 $17) 32. Bg2 (32. Ne6 $11 {remains equal.} Rdc8 33. e5) 32... Nb5 ({Better is} 32... Bd7 $17 33. Bf1 Rcc8) 33. Nxb5 $1 $11 Bxb5 34. Bf1 (34. Rb2 $11 Rc5 35. Bf3) 34... Rc5 35. Bxb5 Rxb5 $17 {[%mdl 4096] Endgame KRR-KRR} 36. Rc3 Rd7 37. Ke3 Kf7 38. Rdc2 a5 39. Rc7 Ke7 40. Rc8 a4 41. Ra8 {[#]} Rb4 $1 42. Kd3 Rd8 43. Ra7 Kd6 {Strongly threatening ...Re8.} 44. Rc4 Rxc4 45. Kxc4 {KR-KR} Ke5 46. Rxb7 {[#]} (46. Kd3 $17) 46... Ra8 $1 $19 47. Rb2 a3 ({Weaker is} 47... Kxe4 48. Re2+ Kf3 49. Ra2 $15) 48. Ra2 $2 (48. Rb1) 48... Kxe4 49. d6 {Kc5 is the strong threat.} Ke5 50. Kc5 {Hoping for d7.} Rc8+ 51. Kb4 Kxd6 52. Rxa3 Rc7 53. Re3 Kd5 54. h3 g6 55. Re8 (55. Rd3+ $142 Ke5 56. Re3+ Kf4 57. Re6) 55... f5 56. Rg8 Rc6 57. Kb5 Rf6 58. gxf5 gxf5 59. Rd8+ Ke4 60. Re8+ Kf3 61. Kc4 Rd6 62. Kc5 Rd1 63. Rh8 f4 {[%cal Bf5f4,Bf4f3][%mdl 32]} 64. Rxh6 Kg3 {Black mates.} 65. Rg6+ Kxh3 66. Rf6 Kg3 67. Rg6+ Kf2 68. Kc4 f3 69. Kc3 Kf1 70. Kc2 Rd5 {Precision: White = 36%, Black = 80%.} 0-1